000 00258nam a22001217a 4500
008 170315b xxu||||| |||| 00| 0 eng d
041 _aeng
080 _a591
100 _a7
101 _aSHM
245 _aEQUINW REPRODUCTION
_cALLEN.R.I.W
942 _2udc
_cBK
999 _c7792
_d7792